Fent història : guia per a la investigació de la història local de les dones guia per a la investigació de la història local de les dones
ISBN:
84-7794-991-3
Publicado:
[Barcelona] :
Diputació de Barcelona, Àrea de Presidència, Servei de promoció de Polítiques d'Igualtat Dona - Home ,
2004
Descripción Física:
63 p. ; 30 cm
Colección:
Guies metodològiques ; 6
MARC
| LEADER | 00000nam a2200000Ia 4500 | ||
|---|---|---|---|
| 001 | 16754 | ||
| 008 | 160829s2004 xx 000 0 cat d | ||
| 020 | |a 84-7794-991-3 | ||
| 080 | |a M-5-81 | ||
| 245 | |a Fent història : |b guia per a la investigació de la història local de les dones | ||
| 260 | |a [Barcelona] : |b Diputació de Barcelona, Àrea de Presidència, Servei de promoció de Polítiques d'Igualtat Dona - Home, |c 2004 | ||
| 300 | |a 63 p. ; |c 30 cm | ||
| 490 | |a Guies metodològiques ; 6 | ||
| 590 | |a Bibliografia | ||
| 650 | |a Dones |x Història |x Investigació |x Guies |9 29907 | ||
| 710 | 1 | |a Barcelona (Catalunya : Província). |b Servei de Promoció de Polítiques d'Igualtat Dona-Home |9 54961 | |
| 901 | |a Arxiu | ||
| 942 | |n 1 | ||
| 952 | |0 0 |1 0 |4 0 |6 M581 |7 1 |9 45160 |a Arxiu |b Arxiu |d 2016-12-01 |l 0 |o M-5-81 |p 16754 |r 2016-12-01 00:00:00 |w 2016-12-01 |y ARXIU | ||
| 999 | |c 48231 |d 48231 | ||